Model of the Oxygen Cutting Taking into Account the Melting of Metal; Advanced Materials Research; Vol. 1040 : High Technology: Research and Applications 2014 (HTRA 2014)
| Parent link: | Advanced Materials Research: Scientific Journal Vol. 1040 : High Technology: Research and Applications 2014 (HTRA 2014).— 2014.— [P. 504-507] |
|---|---|
| المؤلف الرئيسي: | |
| مؤلف مشترك: | |
| مؤلفون آخرون: | |
| الملخص: | Title screen This paper presents the development of a model of plate oxygen cutting. The new model takes into account not only the heat release due to the oxidation reaction, but the melting of the metal in the cutting zone. Important role plays the dependence of the heat capacity on temperature. Режим доступа: по договору с организацией-держателем ресурса |
| اللغة: | الإنجليزية |
| منشور في: |
2014
|
| سلاسل: | Simulation of Physical and Chemical Processes |
| الموضوعات: | |
| الوصول للمادة أونلاين: | http://dx.doi.org/10.4028/www.scientific.net/AMR.1040.504 |
| التنسيق: | الكتروني فصل الكتاب |
| KOHA link: | https://koha.lib.tpu.ru/cgi-bin/koha/opac-detail.pl?biblionumber=641081 |
MARC
| LEADER | 00000nla2a2200000 4500 | ||
|---|---|---|---|
| 001 | 641081 | ||
| 005 | 20240215123542.0 | ||
| 035 | |a (RuTPU)RU\TPU\network\5959 | ||
| 035 | |a RU\TPU\network\5957 | ||
| 090 | |a 641081 | ||
| 100 | |a 20150508a2014 k y0engy50 ba | ||
| 101 | 0 | |a eng | |
| 102 | |a US | ||
| 105 | |a y z 100zy | ||
| 135 | |a drcn ---uucaa | ||
| 181 | 0 | |a i | |
| 182 | 0 | |a b | |
| 200 | 1 | |a Model of the Oxygen Cutting Taking into Account the Melting of Metal |f M. A. Anisimova, A. G. Knyazeva | |
| 203 | |a Text |c electronic | ||
| 225 | 1 | |a Simulation of Physical and Chemical Processes | |
| 300 | |a Title screen | ||
| 330 | |a This paper presents the development of a model of plate oxygen cutting. The new model takes into account not only the heat release due to the oxidation reaction, but the melting of the metal in the cutting zone. Important role plays the dependence of the heat capacity on temperature. | ||
| 333 | |a Режим доступа: по договору с организацией-держателем ресурса | ||
| 461 | 0 | |0 (RuTPU)RU\TPU\network\4598 |t Advanced Materials Research |o Scientific Journal | |
| 463 | 0 | |0 (RuTPU)RU\TPU\network\4652 |t Vol. 1040 : High Technology: Research and Applications 2014 (HTRA 2014) |o The International Conference, March 26-28, 2014, Tomsk, Russia |o [proceedings] |v [P. 504-507] |d 2014 | |
| 610 | 1 | |a электронный ресурс | |
| 610 | 1 | |a труды учёных ТПУ | |
| 610 | 1 | |a математические модели | |
| 610 | 1 | |a плавление | |
| 610 | 1 | |a окисление | |
| 610 | 1 | |a кислородная резка | |
| 610 | 1 | |a температура | |
| 700 | 1 | |a Anisimova |b M. A. |c physicist |c engineer of Tomsk Polytechnic University |f 1988- |g Mariya Aleksandrovna |3 (RuTPU)RU\TPU\pers\34323 |9 17832 | |
| 701 | 1 | |a Knyazeva |b A. G. |c Russian physicist |c Professor of Tomsk Polytechnic University, doctor of physico-mathematical Sciences |f 1962- |g Anna Georgievna |3 (RuTPU)RU\TPU\pers\32712 |9 16597 | |
| 712 | 0 | 2 | |a Национальный исследовательский Томский политехнический университет (ТПУ) |b Институт физики высоких технологий (ИФВТ) |b Кафедра физики высоких технологий в машиностроении (ФВТМ) |3 (RuTPU)RU\TPU\col\18687 |
| 801 | 2 | |a RU |b 63413507 |c 20161229 |g RCR | |
| 856 | 4 | |u http://dx.doi.org/10.4028/www.scientific.net/AMR.1040.504 | |
| 942 | |c CF | ||